| 000 | 00919nam a22002177a 4500 | ||
|---|---|---|---|
| 999 |
_c1528 _d1528 |
||
| 003 | AR-CdUCM | ||
| 008 | 190227b ||||| |||| 00| 0 spa d | ||
| 020 | _a9681618300 | ||
| 040 |
_aMUNICIPALIDAD PROVINCIAL DEL CUSCO _cBIBLIOTECA MUNICIPAL DEL CUSCO |
||
| 082 |
_a082.974 / _bD34 |
||
| 100 |
_aDe Los Reyes, Aurelio _95755 |
||
| 245 |
_aLos orígenes del cine en México 1896-1900 / _cAurelio de los Reyes |
||
| 260 |
_aMexico, D.f : _bFondo de cultura económica, _c1984. |
||
| 300 |
_a248 paginas ; _b8 Ilustraciones. _c21 cm. |
||
| 505 | _aEl origen de la investigación -- La historia del cine mudo -- El progreso como diversión -- Las diversiones publicas -- La fiebre del cinematógrafo -- Otros indicios de la aceptación del cinematógrafo ... | ||
| 650 |
_aHistoria del cine _95756 |
||
| 650 |
_aCinematografía _95757 |
||
| 650 |
_aProgresistas _95758 |
||
| 942 |
_2ddc _cLIBROS |
||
| 945 |
_aacv _d2019-02-27 |
||